Lyrics erraten (2010er) #3 - Statistiken

Allgemein
  • Dieses Quiz wurde 646 mal gespielt
  • Das Durchschnittsergebnis liegt bei 202 aus 500
Antwortstatistiken
Antwort % Korrekt
I
100%
you,
97%
you
97%
You
97%
a
96%
the
88%
love
85%
me
80%
when
75%
be
74%
Be
74%
to
71%
and
70%
And
70%
who
67%
go
65%
it
65%
your
64%
my
63%
is
62%
she
61%
where
60%
can
59%
no
58%
on
58%
way
58%
in
57%
that
57%
So
54%
like
51%
for
49%
want
49%
what
49%
see
47%
this
44%
of
43%
Don‘t
42%
was
42%
I‘m
40%
(I‘m
40%
it‘s
39%
You‘re
39%
girl
38%
know
38%
Oh,
38%
Oh
38%
(oh)
38%
with
38%
there
37%
If
35%
if
35%
one
35%
tell
35%
we‘re
35%
look
34%
all
33%
baby
33%
baby,
33%
been?
33%
could
33%
Or
33%
or
33%
say
33%
too
33%
at
32%
time
32%
But
31%
over,
30%
over
30%
(over)
30%
make
29%
God,
28%
down
27%
gonna
27%
good
27%
get
26%
Got
26%
got
26%
sin
26%
things
26%
wanna
25%
face
24%
game,
24%
game
24%
how
24%
out
24%
(yeah)
24%
bad
23%
forever
23%
Nice
23%
play?
23%
‘Cause
22%
come
22%
meet
22%
show
22%
take
22%
I‘ll
21%
hey,
19%
long
19%
only
19%
read
19%
blank
18%
name
18%
next
18%
pain
18%
space,
18%
Find
17%
flames
17%
incredible
17%
didn‘t,
16%
didn‘t
16%
didn’t,
16%
high
16%
insane
16%
(insane)
16%
insane)
16%
list
16%
Love‘s
16%
mistake
16%
Saw
16%
write
16%
about
15%
back
15%
far
15%
friends
15%
hand
15%
leave
15%
(leave
15%
let‘s
15%
thought
15%
heaven,
14%
I‘ve
14%
worth
14%
Boys
13%
ex-lovers
13%
Magic,
13%
New
13%
players
13%
madness,
12%
magazine
12%
weekend
12%
We‘ll
12%
ya
12%
ends
11%
fly
11%
guys
11%
perfect
11%
scar
11%
scar)
11%
They‘ll
11%
tie
11%
warn
11%
young,
11%
Darling
10%
lips,
10%
money,
10%
month
10%
turn
10%
Ain‘t
9%
heard
9%
king,
9%
nasty
9%
queen
9%
second
9%
torture
9%
Wait,
9%
you‘ll
9%
breathless,
8%
breathless
8%
daydream
8%
drunk
8%
dying
8%
funny?
8%
Grab
8%
jealousy
8%
passport
8%
pretty
8%
reckless
8%
crying,
7%
dressed
7%
nightmare
7%
suit
7%
tables
7%
worst
7%
yet
7%
It‘ll
6%
lies
6%
mm
6%
Rumors
6%
Screaming
6%
Ay
5%
Cherry
5%
each
5%
Keep
5%
kisses,
5%
Rose
5%
skies
5%
crystal
4%
filled
4%
garden
4%
Stolen
4%
guessing
3%
storms
3%
thorns
3%
(ooh)
1%
Keine übereinstimmenden Quizze gefunden
Verteilung der Resultate
Anzahl Personen mit jedem Resultat
Perzentil nach korrekt beantworteten Fragen
Ihre Resultats-Entwicklung
Sie haben dieses Quiz noch nicht gespielt